|
|
|
|
| LEADER |
00000nam0a2200000 4500 |
| 001 |
340110 |
| 005 |
20231102005214.0 |
| 035 |
|
|
|a (RuTPU)RU\TPU\book\366678
|
| 090 |
|
|
|a 340110
|
| 100 |
|
|
|a 20180213d1966 km y0rusy50 ca
|
| 101 |
0 |
|
|a rus
|
| 102 |
|
|
|a RU
|
| 105 |
|
|
|a a z 001zy
|
| 200 |
1 |
|
|a Новые способы получения химических продуктов на основе горючих ископаемых
|e [сборник статей]
|f Академия наук СССР (АН СССР), Институт горючих ископаемых (ИГИ) ; под ред. Е. И. Казакова
|
| 210 |
|
|
|a Москва
|c Наука
|d 1966
|
| 215 |
|
|
|a 115 с.
|c ил.
|
| 320 |
|
|
|a Библиография в конце статей
|
| 606 |
1 |
|
|a Горючие ископаемые
|x Химическая переработка
|2 stltpush
|3 (RuTPU)RU\TPU\subj\64890
|9 81590
|
| 610 |
1 |
|
|a дистилляты
|
| 610 |
1 |
|
|a угли
|
| 610 |
1 |
|
|a пиролиз
|
| 610 |
1 |
|
|a смолы
|
| 610 |
1 |
|
|a фенолы
|
| 610 |
1 |
|
|a алкилирование
|
| 610 |
1 |
|
|a химический состав
|
| 610 |
1 |
|
|a каталитический крекинг
|
| 610 |
1 |
|
|a фракции
|
| 610 |
1 |
|
|a гидрогенизация
|
| 610 |
1 |
|
|a катализаторы
|
| 610 |
1 |
|
|a комплексная переработка
|
| 610 |
1 |
|
|a сборники
|
| 675 |
|
|
|a 662.73/.74
|v 4
|
| 702 |
|
1 |
|a Казаков
|b Е. И.
|4 340
|
| 712 |
0 |
2 |
|a Академия наук СССР (АН СССР)
|b Институт горючих ископаемых (ИГИ)
|c (Москва)
|c (1934-1947)
|2 stltpush
|3 (RuTPU)RU\TPU\col\10830
|
| 801 |
|
1 |
|a RU
|b 63413507
|c 20180213
|
| 801 |
|
2 |
|a RU
|b 63413507
|c 20180214
|g RCR
|
| 942 |
|
|
|c BK
|